000 00571nam a2200133Ia 4500
001 3111
008 241024s9999 xx 000 0 und d
082 _aRD/370.97293/R426a/5/2012
100 _aRepública Dominicana.Ministerio de Educación, MINERD. Consejo Nacional de Educación. MINERD
245 0 _aActa de la 5ta. sesión ordinaria del 19 de diciembre del 2012, Asunto: Informe sobre Pruebas Nacionalesy sus innovaciones y avances de la revisión curricular
260 _bSanto Domingo, República Dominicana
_c2012
901 _a5/8/2013 11:49:21 a.m.
999 _c9108
_d9108